Normal view
MARC view
Entry Personal Name
001 - CONTROL NUMBER
- control field: 29263
003 - CONTROL NUMBER IDENTIFIER
- control field: dpl
005 - DATE AND TIME OF LATEST TRANSACTION
- control field: 20110707171302.0
008 - FIXED-LENGTH DATA ELEMENTS
- fixed length control field: 110707|||a|||||| | ||| d
040 ## - CATALOGING SOURCE
- Original cataloging agency: dpl
- Transcribing agency: dpl
100 ## - HEADING--PERSONAL NAME
- Personal name: Basu, Aparna.
670 ## - SOURCE DATA FOUND
- Source citation: Work cat.: (dpl)53560: Basu, Aparna., Mridula Sarabhai :, 2003
670 ## - SOURCE DATA FOUND
- Source citation: Work cat.: (dpl)53560: Basu, Aparna., Mridula Sarabhai :, 2003
